000 00337nam a2200145Ia 4500
008 191201s2011 xx 000 0 und d
082 _a658.45
_bKUB
100 _aKUSHAL,srijin
245 0 _aBusiness Communication
250 _a1st
260 _aN.Delhi
_bV K Enterprises
_c2011
300 _a176
650 _aBBA
942 _2ddc
_cBK
_06
999 _c4841
_d4841